Particulars and valuation of the undernamed live and dead farming stock, cultivations, seeds sowing fixtures &c. on Hythe End Farm in the parish of Wraysbury, Bucks (Record no. 116705)

MARC details
000 -LEADER
fixed length control field 00802ctm a22002175a 4500
001 - CONTROL NUMBER
control field L141324
008 - FIXED-LENGTH DATA ELEMENTS--GENERAL INFORMATION
fixed length control field 071115e18471218xxk eng u
035 ## - SYSTEM CONTROL NUMBER
System control number (Sirsi) u141324
041 0# - LANGUAGE CODE
Language code of text/sound track or separate title eng
100 1# - MAIN ENTRY--PERSONAL NAME
Personal name Rolfe, John
245 00 - TITLE STATEMENT
Title Particulars and valuation of the undernamed live and dead farming stock, cultivations, seeds sowing fixtures &c. on Hythe End Farm in the parish of Wraysbury, Bucks
Remainder of title appraised from Mrs Mary Ann Sills to Mr William Thomas Buckland
Medium [manuscript]
260 ## - PUBLICATION, DISTRIBUTION, ETC.
Date of publication, distribution, etc. 18 December 1847
300 ## - PHYSICAL DESCRIPTION
Extent 4 leaves
Dimensions 33 x 21 cm.
340 ## - PHYSICAL MEDIUM
Material base and configuration Ink on paper
351 ## - ORGANIZATION AND ARRANGEMENT OF MATERIALS
Hierarchical level Single item
500 ## - GENERAL NOTE
General note Appraisal carried out by John Rolfe and John Wells.
651 4# - SUBJECT ADDED ENTRY--GEOGRAPHIC NAME
Geographic name Buckinghamshire
690 ## - LOCAL SUBJECT ADDED ENTRY--TOPICAL TERM (OCLC, RLIN)
Topical term or geographic name as entry element PROPERTY-PROPERTY APPRAISAL AND VALUATION
700 1# - ADDED ENTRY--PERSONAL NAME
Personal name Wells, John
942 ## - ADDED ENTRY ELEMENTS (KOHA)
Suppress in OPAC 0
Holdings
Withdrawn status Lost status Source of classification or shelving scheme Damaged status Not for loan Home library Current library Shelving location Date acquired Total Checkouts Full call number Barcode Date last seen Copy number Price effective from Koha item type
    Dewey Decimal Classification     London London Basement 15/11/2007   BASEMENT BOX 4 141324-1001 06/08/2019 1 06/08/2019 Archive